| 000 | 01181cam a2200325 4500 | ||
|---|---|---|---|
| 001 | 8342 | ||
| 010 | _a9782911596384 | ||
| 090 | _a8342 | ||
| 099 | _tLIVR | ||
| 100 | _a20090327d2008 m y0frey50 ba | ||
| 101 | 0 |
_aeng _geng |
|
| 102 | _aFR | ||
| 200 | 1 |
_aIn the Arab World Now N°2 _bLIVR _fFabrice Bousteau _gSébastien Moreu _gEmmanuel Barth _gJenny Mannerheim |
|
| 205 | _a3 vol. | ||
| 210 |
_aParis _cGalerie Enrico Navarra _d2008 |
||
| 215 |
_a395p. _cill. en noir et en coul. _d30 cm |
||
| 300 | _aTexte anglais seul | ||
| 300 | _a2008 d'après la déclaration de dépôt légal | ||
| 510 | 1 | _aFī al-ʿalam al-ʿarabī al-ān | |
| 510 | 1 | _aفي العالم العربي الآن | |
| 606 |
_311934758 _aArt _311931634 _yPays arabes _312432924 _z1990-2020 _921586 |
||
| 676 | _a709.174 | ||
| 700 |
_4Directeur de collection _a Bousteau _bFabrice _921589 |
||
| 701 |
_4Direction du Projet _aBarth _bEmmanuel _921590 |
||
| 702 |
_312127596 _aSans _bJérôme _4651 _94744 |
||
| 702 |
_314457863 _aMoreu _bSébastien _4651 _921587 |
||
| 702 |
_316081130 _aMannerheim _bJenny _4651 _921588 |
||
| 801 | 0 |
_aFR _bFR-751131015 _c20090327 _gAFNOR |
|
| 801 | 0 |
_aTN _b32BIS _c20250613 _gUNIMARC |
|
| 830 | _aMS | ||